<?xml version="1.0" encoding="UTF-8"?>
<record
    xmlns:xsi="http://www.w3.org/2001/XMLSchema-instance"
    xsi:schemaLocation="http://www.loc.gov/MARC21/slim http://www.loc.gov/standards/marcxml/schema/MARC21slim.xsd"
    xmlns="http://www.loc.gov/MARC21/slim">

  <leader>03501nam a22002414i 4500</leader>
  <controlfield tag="001">Rebiun36581529</controlfield>
  <controlfield tag="008">241106s2024    sp a          000 0 spa c</controlfield>
  <datafield tag="017" ind1=" " ind2=" ">
    <subfield code="a">DL M 18786-2024, </subfield>
    <subfield code="b">Oficina Dep&#xF3;sito Legal Madrid</subfield>
  </datafield>
  <datafield tag="020" ind1=" " ind2=" ">
    <subfield code="a">9788412878745</subfield>
  </datafield>
  <datafield tag="040" ind1=" " ind2=" ">
    <subfield code="a">ES-BaCBA </subfield>
    <subfield code="b">English</subfield>
    <subfield code="e">rda </subfield>
    <subfield code="c">ES-BaCBA</subfield>
  </datafield>
  <datafield tag="041" ind1="1" ind2=" ">
    <subfield code="a">Spanish</subfield>
    <subfield code="h">English</subfield>
  </datafield>
  <datafield tag="043" ind1=" " ind2=" ">
    <subfield code="a">e-uk-en</subfield>
  </datafield>
  <datafield tag="100" ind1=" " ind2=" ">
    <subfield code="a">Laing, Olivia, </subfield>
    <subfield code="e">author</subfield>
    <subfield code="9">25799</subfield>
  </datafield>
  <datafield tag="240" ind1="1" ind2="0">
    <subfield code="a">Garden against time. </subfield>
    <subfield code="l">Spanish</subfield>
  </datafield>
  <datafield tag="245" ind1="1" ind2="3">
    <subfield code="a">El Jard&#xED;n contra el tiempo </subfield>
    <subfield code="b">: en busca de un para&#xED;so com&#xFA;n </subfield>
    <subfield code="c">/ Olivia Laing ; traducci&#xF3;n de Luc&#xED;a Barahona</subfield>
  </datafield>
  <datafield tag="264" ind1=" " ind2="1">
    <subfield code="a">Madrid : </subfield>
    <subfield code="b">Capit&#xE1;n Swing, </subfield>
    <subfield code="c">[2024]</subfield>
  </datafield>
  <datafield tag="300" ind1=" " ind2=" ">
    <subfield code="a">271 pages : </subfield>
    <subfield code="b">illustrations ; </subfield>
    <subfield code="c">22 cm</subfield>
  </datafield>
  <datafield tag="520" ind1=" " ind2=" ">
    <subfield code="a">Inspir&#xE1;ndose en la restauraci&#xF3;n de su propio jard&#xED;n, Olivia Laing se embarca en una estimulante investigaci&#xF3;n del para&#xED;so. En 2020, comenz&#xF3; a restaurar un jard&#xED;n amurallado del siglo XVIII en Suffolk, un ed&#xE9;n cubierto de plantas ins&#xF3;litas. Este ensayo saca a la luz una cuesti&#xF3;n crucial para nuestra &#xE9;poca: &#xBF;qui&#xE9;n puede vivir en el para&#xED;so y c&#xF3;mo podemos compartirlo mientras a&#xFA;n estemos a tiempo? Movi&#xE9;ndose entre jardines reales e imaginarios, desde El para&#xED;so perdido de Milton hasta las eleg&#xED;as sobre los cercamientos de John Clare, desde un santuario en tiempos de guerra en Italia hasta un grotesco campo de recreo aristocr&#xE1;tico financiado por la esclavitud, Laing cuestiona el coste, en ocasiones escandaloso, de construir el para&#xED;so en la tierra. Pero la historia del jard&#xED;n no siempre representa modelos de privilegio y exclusi&#xF3;n. Tambi&#xE9;n es escenario de avanzadillas rebeldes y sue&#xF1;os comunitarios. Desde la utop&#xED;a queer conjurada por Derek Jarman en la playa de Dungeness hasta la f&#xE9;rtil visi&#xF3;n de un Ed&#xE9;n com&#xFA;n so&#xF1;ada por William Morris, entre los parterres de flores se han intentado nuevos modos de vida, experimentos que podr&#xED;an resultar vitales en la pr&#xF3;xima era del cambio clim&#xE1;tico. El resultado es un relato bello y exigente de los abundantes placeres y posibilidades de los jardines: no como un lugar donde esconderse del mundo, sino como un sitio de encuentro y descubrimiento.</subfield>
  </datafield>
  <datafield tag="520" ind1=" " ind2=" ">
    <subfield code="a">Drawing on the restoration of her own garden, Olivia Laing embarks on a stimulating exploration of paradise. In 2020, she began restoring an eighteenth-century walled garden in Suffolk, an Eden overrun with unusual plants. This essay brings to light a crucial question for our time: who is allowed to live in paradise, and how might we share it while there is still time?

Moving between real and imagined gardens &#x2014; from Milton&#x2019;s Paradise Lost to John Clare&#x2019;s elegies on enclosure, from a wartime sanctuary in Italy to a grotesque aristocratic playground financed by slavery &#x2014; Laing probes the sometimes outrageous cost of constructing paradise on earth. Yet the history of the garden is not always a story of privilege and exclusion. It has also been a stage for rebellious outposts and communal dreams. From the queer utopia conjured by Derek Jarman on the shingle of Dungeness to William Morris&#x2019;s fertile vision of a common Eden, new ways of life have been tested among flowerbeds, experiments that may prove vital in the coming age of climate change.

The result is a beautiful and exacting account of the abundant pleasures and possibilities of gardens: not as a place in which to hide from the world, but as a site of encounter and discovery.</subfield>
  </datafield>
  <datafield tag="650" ind1=" " ind2="0">
    <subfield code="a">Gardens</subfield>
    <subfield code="z">Suffolk</subfield>
  </datafield>
  <datafield tag="700" ind1=" " ind2=" ">
    <subfield code="a">Barahona, Luc&#xED;a, </subfield>
    <subfield code="e">translator</subfield>
    <subfield code="9">25801</subfield>
  </datafield>
  <datafield tag="942" ind1=" " ind2=" ">
    <subfield code="2">lcc</subfield>
  </datafield>
  <datafield tag="952" ind1=" " ind2=" ">
    <subfield code="0">0</subfield>
    <subfield code="1">0</subfield>
    <subfield code="2">lcc</subfield>
    <subfield code="4">0</subfield>
    <subfield code="7">0</subfield>
    <subfield code="a">TBS</subfield>
    <subfield code="b">TBS</subfield>
    <subfield code="d">2025-08-27</subfield>
    <subfield code="l">0</subfield>
    <subfield code="o">P-SP LAI</subfield>
    <subfield code="r">2025-08-27</subfield>
    <subfield code="t">1</subfield>
    <subfield code="w">2025-08-27</subfield>
    <subfield code="y">1</subfield>
    <subfield code="z">SOON AVAILABLE</subfield>
  </datafield>
  <datafield tag="999" ind1=" " ind2=" ">
    <subfield code="c">4883</subfield>
    <subfield code="d">4883</subfield>
  </datafield>
</record>
